[Event "AUT-chT2M 2425"]
[Site "Austria"]
[Date "2024.10.20"]
[Round "3.6"]
[White "Frank, Paul"]
[Black "Lentrodt, Thomas"]
[Result "1-0"]
[WhiteElo "2162"]
[BlackElo "2245"]
[PlyCount "71"]
[EventDate "2024.10.18"]
[EventType "team-tourn"]
[EventRounds "11"]
[EventCountry "AUT"]
[SourceTitle "CB44_2024"]
[Source "Chessbase"]
[SourceDate "2024.10.30"]
[SourceVersion "1"]
[SourceVersionDate "2024.10.30"]
[SourceQuality "1"]
[WhiteTeam "Villach Admira"]
[BlackTeam "Grieskirchen"]
[WhiteTeamCountry "AUT"]
[BlackTeamCountry "AUT"]

1. Nf3 d5 2. g3 Nf6 3. Bg2 c6 4. 0-0 h6 5. d3 Bf5 6. c4 e6 7. cxd5 exd5 8. Nc3 Be7 9. e4 dxe4 10. dxe4 Qxd1 11. Rxd1 Nxe4 12. Nd4 Nxc3 13. bxc3 Bg6 14. Re1 Kf8 15. Bf4 Nd7 16. Nb3 Bf6 17. Rad1 Nb6 18. Nc5 Bxc3 19. Re3 Bf6 20. Nxb7 Nd5 21. Bxd5 cxd5 22. Rxd5 Kg8 23. Be5 Bxe5 24. Rexe5 Kh7 25. h4 Rhe8 26. f3 Rxe5 27. Rxe5 Rc8 28. Ra5 Rc7 29. Nc5 Bc2 30. Kf2 Re7 31. Ra3 Kg6 32. Rc3 Bb1 33. a3 Kf6 34. Rc1 Bf5 35. Rc3 Ke5 36. Nb3 1-0

[Event "AUT-chT2M 2425"]
[Site "Austria"]
[Date "2024.10.18"]
[Round "1.5"]
[White "Ennsberger, Ulrich"]
[Black "Lentrodt, Thomas"]
[Result "0-1"]
[WhiteElo "2281"]
[BlackElo "2245"]
[PlyCount "64"]
[EventDate "2024.10.18"]
[EventType "team-tourn"]
[EventRounds "11"]
[EventCountry "AUT"]
[SourceTitle "CB44_2024"]
[Source "Chessbase"]
[SourceDate "2024.10.30"]
[SourceVersion "1"]
[SourceVersionDate "2024.10.30"]
[SourceQuality "1"]
[WhiteTeam "Ansfelden Union"]
[BlackTeam "Grieskirchen"]
[WhiteTeamCountry "AUT"]
[BlackTeamCountry "AUT"]

1. c4 c5 2. Nf3 Nf6 3. e3 d5 4. cxd5 Nxd5 5. Nc3 e6 6. d4 Be7 7. Bd3 cxd4 8. exd4 Nxc3 9. bxc3 Qc7 10. 0-0 Nd7 11. c4 0-0 12. Qe2 Nf6 13. Ne5 Bd7 14. Bf4 Qd8 15. Rab1 Bc6 16. Nxc6 bxc6 17. Rb7 Qxd4 18. Be3 Qd6 19. Rd1 Qa3 20. Rdb1 Bc5 21. Bg5 Bd4 22. Qf3 Qc5 23. Bxf6 Bxf6 24. Rc7 Rac8 25. Rbb7 Rxc7 26. Rxc7 Qa5 27. Qxc6 Qxa2 28. Rc8 Qa1+ 29. Bf1 g6 30. Rxf8+ Kxf8 31. c5 Kg7 32. Qf3 Qc3 0-1

[Event "AUT-chT2M 2324"]
[Site "Austria"]
[Date "2024.04.21"]
[Round "11.6"]
[White "Lentrodt, Thomas"]
[Black "Traunwieser, Georg"]
[Result "1-0"]
[WhiteElo "2226"]
[BlackElo "2128"]
[PlyCount "59"]
[EventDate "2023.11.03"]
[EventType "team-tourn"]
[EventRounds "11"]
[EventCountry "AUT"]
[SourceTitle "EXT 2025"]
[Source "ChessBase"]
[SourceDate "2024.10.14"]
[SourceVersion "1"]
[SourceVersionDate "2024.10.14"]
[SourceQuality "1"]
[WhiteTeam "Grieskirchen"]
[BlackTeam "Freistadt/Wartberg"]
[WhiteTeamCountry "AUT"]
[BlackTeamCountry "AUT"]

1. d4 Nf6 2. Nf3 e6 3. c4 Bb4+ 4. Bd2 a5 5. g3 d6 6. Bg2 Nbd7 7. 0-0 e5 8. Bxb4 axb4 9. Qb3 c5 10. dxe5 dxe5 11. Nbd2 0-0 12. Ng5 Nb8 13. Nde4 Nxe4 14. Nxe4 Qe7 15. Qe3 Ra5 16. a3 Nc6 17. axb4 Rxa1 18. Rxa1 cxb4 19. Qc5 Rd8 20. Qxe7 Nxe7 21. c5 Nf5 22. e3 h5 23. Bf3 Be6 24. Bxh5 g6 25. Bf3 Kg7 26. Ra4 b3 27. Rb4 Rd7 28. Ng5 Bd5 29. Bxd5 Rxd5 30. Rxb7 1-0

[Event "AUT-chT2M 2324"]
[Site "Austria"]
[Date "2024.03.16"]
[Round "7.5"]
[White "Riemelmoser, Franz"]
[Black "Lentrodt, Thomas"]
[Result "1-0"]
[WhiteElo "2228"]
[BlackElo "2226"]
[PlyCount "105"]
[EventDate "2023.11.03"]
[EventType "team-tourn"]
[EventRounds "11"]
[EventCountry "AUT"]
[SourceTitle "CBM 219 Extra"]
[Source "ChessBase"]
[SourceDate "2024.05.31"]
[SourceVersion "1"]
[SourceVersionDate "2024.05.31"]
[SourceQuality "1"]
[WhiteTeam "Villach Admira"]
[BlackTeam "Grieskirchen"]
[WhiteTeamCountry "AUT"]
[BlackTeamCountry "AUT"]

1. c4 c5 2. Nf3 Nf6 3. Nc3 d5 4. cxd5 Nxd5 5. e3 Nc7 6. d4 e6 7. Bd3 Nc6 8. 0-0 Be7 9. a3 0-0 10. Qc2 h6 11. Rd1 cxd4 12. exd4 Bd7 13. Ne5 Be8 14. Bh7+ Kh8 15. Be4 Bd6 16. Bf4 Qe7 17. Qd2 Rd8 18. Qe3 Qf6 19. Bc2 Ne7 20. Ne4 Ncd5 21. Nxf6 Nxe3 22. Nxe8 Nxc2 23. Nxd6 Rxd6 24. Ng6+ fxg6 25. Bxd6 Nxa1 26. Bxe7 Re8 27. Bb4 Nb3 28. Rd3 Rc8 29. g3 Nc1 30. Re3 Rc2 31. Rxe6 Rxb2 32. d5 Nd3 33. d6 Nxb4 34. d7 Rd2 35. Re8+ Kh7 36. d8Q Rxd8 37. Rxd8 Nc6 38. Rd7 Na5 39. h4 g5 40. h5 a6 41. a4 b5 42. axb5 axb5 43. Rd5 Nc6 44. Rxb5 Ne7 45. f3 Kg8 46. Kf2 Kf7 47. Ke3 g6 48. hxg6+ Kxg6 49. Rb6+ Kg7 50. Ke4 h5 51. Ke5 h4 52. Rb7 Kf7 53. Kd6 1-0

[Event "BL2-Ost 2324"]
[Site "Germany"]
[Date "2024.02.24"]
[Round "7.8"]
[White "Lentrodt, Thomas"]
[Black "Eichner, Sebastian"]
[Result "0-1"]
[WhiteElo "2228"]
[BlackElo "2310"]
[PlyCount "46"]
[EventDate "2023.10.21"]
[EventType "team-tourn"]
[EventRounds "10"]
[EventCountry "GER"]
[SourceTitle "EXT 2025"]
[Source "ChessBase"]
[SourceDate "2024.10.14"]
[SourceVersion "1"]
[SourceVersionDate "2024.10.14"]
[SourceQuality "1"]
[WhiteTeam "Bayern Muenchen II"]
[BlackTeam "Nickelhuette Aue"]
[WhiteTeamCountry "GER"]
[BlackTeamCountry "GER"]

1. d4 Nf6 2. c4 e6 3. Nf3 Bb4+ 4. Bd2 Qe7 5. g3 Bxd2+ 6. Qxd2 Nc6 7. Nc3 d5 8. Ne5 0-0 9. Bg2 dxc4 10. Nxc4 Rd8 11. e3 e5 12. Bxc6 exd4 13. Bg2 dxc3 14. Qxc3 Bf5 15. 0-0 Rd3 16. Qe5 Qd7 17. Bxb7 Rb8 18. Bg2 Bh3 19. b3 Bxg2 20. Kxg2 Rb5 21. Qf4 Rf5 22. Ne5 Qd5+ 23. e4 Nxe4 0-1

[Event "AUT-chT 2223"]
[Site "Austria"]
[Date "2023.04.14"]
[Round "10.6"]
[White "Mesaros, Florian"]
[Black "Lentrodt, Thomas"]
[Result "1-0"]
[WhiteElo "2404"]
[BlackElo "2252"]
[PlyCount "72"]
[EventDate "2022.11.03"]
[EventType "team-tourn"]
[EventRounds "11"]
[EventCountry "AUT"]
[SourceTitle "EXT 2024"]
[Source "ChessBase"]
[SourceDate "2023.10.10"]
[SourceVersion "1"]
[SourceVersionDate "2023.10.10"]
[SourceQuality "1"]
[WhiteTeam "Fuerstenfeld/Hartberg"]
[BlackTeam "Grieskirchen"]
[WhiteTeamCountry "AUT"]
[BlackTeamCountry "AUT"]

1. Nf3 d5 2. d4 Nf6 3. c4 e6 4. Nc3 a6 5. cxd5 exd5 6. Bg5 Be7 7. e3 c6 8. Bd3 Nbd7 9. Qc2 0-0 10. g4 Nxg4 11. Bxh7+ Kh8 12. Bxe7 Qxe7 13. Bd3 Qf6 14. Qe2 Re8 15. 0-0-0 Nf8 16. Rdg1 Nh6 17. Ne5 Bf5 18. Rg3 Bxd3 19. Qxd3 Re7 20. Rhg1 Qf5 21. Qf1 f6 22. Ng6+ Nxg6 23. Rxg6 Kh7 24. Qg2 Rg8 25. Ne2 c5 26. Qg3 cxd4 27. Rxh6+ Kxh6 28. Qh4+ Qh5 29. Rg6+ Kxg6 30. Nf4+ Kf5 31. Qxh5+ g5 32. Nxd5 Rc8+ 33. Kd1 Ree8 34. e4+ Rxe4 35. Qf3+ Ke5 36. Qxf6+ Kxd5 1-0

[Event "BL2-Ost 2223"]
[Site "Germany"]
[Date "2023.02.05"]
[Round "6.7"]
[White "Haufe, Laurin"]
[Black "Lentrodt, Thomas"]
[Result "1-0"]
[WhiteElo "2141"]
[BlackElo "2252"]
[PlyCount "101"]
[EventDate "2022.10.22"]
[EventType "team-tourn"]
[EventRounds "10"]
[EventCountry "GER"]
[SourceTitle "EXT 2024"]
[Source "ChessBase"]
[SourceDate "2023.10.10"]
[SourceVersion "1"]
[SourceVersionDate "2023.10.10"]
[SourceQuality "1"]
[WhiteTeam "Leipzig SG"]
[BlackTeam "Bayern Muenchen II"]
[WhiteTeamCountry "GER"]
[BlackTeamCountry "GER"]

1. e4 e6 2. d4 d5 3. Nc3 Nf6 4. e5 Nfd7 5. f4 c5 6. Nf3 Nc6 7. Be3 a6 8. Qd2 b5 9. a3 b4 10. axb4 cxb4 11. Na4 Qa5 12. b3 Nb6 13. Bd3 Nxa4 14. Kf2 Qb6 15. Rxa4 a5 16. Raa1 Be7 17. g4 Ba6 18. f5 Bxd3 19. cxd3 Kd7 20. Qa2 Qb5 21. Ke2 Ra6 22. Rhc1 Rha8 23. Qa4 Qxa4 24. bxa4 b3 25. Rcb1 Rb8 26. Bd2 Rab6 27. Bc3 Bb4 28. Bb2 h6 29. Rf1 Rc8 30. fxe6+ fxe6 31. Nd2 Bxd2 32. Kxd2 Nb4 33. Bc3 Na2 34. Bxa5 Rc2+ 35. Ke3 Ra6 36. Bd2 Rxa4 37. Rf7+ Kc6 38. Re7 b2 39. Rxe6+ Kd7 40. Rd6+ Kc7 41. Rb1 Nc1 42. Rxd5 Nb3 43. Bc3 Rxc3 44. Rxb2 Ra1 45. Rb5 Ra3 46. Ke4 Na5 47. d5 Nb3 48. Rb4 Nc5+ 49. Kd4 Rc1 50. Rc4 Rxd3+ 51. Kxc5 1-0

[Event "Mittelfranken Landesliga Sued 2122"]
[Site "Mittelfranken"]
[Date "2022.04.03"]
[Round "7.8"]
[White "Lentrodt, Thomas"]
[Black "Gradwohl, Manfred"]
[Result "1-0"]
[WhiteElo "2240"]
[BlackElo "1995"]
[PlyCount "95"]
[EventDate "2021.10.24"]
[EventType "team-tourn"]
[EventRounds "9"]
[EventCountry "GER"]
[SourceTitle "EXT 2024"]
[Source "ChessBase"]
[SourceDate "2023.10.10"]
[SourceVersion "1"]
[SourceVersionDate "2023.10.10"]
[SourceQuality "1"]
[WhiteTeam "Bayern Muenchen III"]
[BlackTeam "Garching II"]
[WhiteTeamCountry "GER"]
[BlackTeamCountry "GER"]

1. d4 g6 2. c4 Bg7 3. Nf3 d6 4. e4 Bg4 5. d5 Nf6 6. Nc3 0-0 7. Be2 Nbd7 8. Nd4 Bxe2 9. Ndxe2 c6 10. 0-0 Nc5 11. f3 a5 12. Be3 Nfd7 13. Nd4 Qc7 14. Qe2 Rae8 15. Rfd1 e6 16. Qd2 exd5 17. cxd5 Nb6 18. b3 cxd5 19. exd5 Qe7 20. Bf2 Qf6 21. Re1 Nbd7 22. Ndb5 b6 23. Bd4 Ne5 24. f4 Bh6 25. Rf1 Qd8 26. Rad1 Ng4 27. h3 Nf6 28. Rde1 Nfe4 29. Nxe4 Rxe4 30. Rxe4 Nxe4 31. Qe3 Nc5 32. Re1 Qh4 33. g3 Qxh3 34. Nxd6 Bg7 35. Bxg7 Kxg7 36. Re2 Qd7 37. Ne8+ Rxe8 38. Qxe8 Qxd5 39. Qe5+ Qxe5 40. Rxe5 Kf6 41. Kg2 h5 42. Kf3 Nd7 43. Re8 Nc5 44. Rc8 Nd7 45. Rc6+ Ke7 46. Ke4 Nf6+ 47. Kd4 Nd7 48. a3 1-0

[Event "AUT-chT 2122"]
[Site "Austria"]
[Date "2021.11.07"]
[Round "4.6"]
[White "Lentrodt, Thomas"]
[Black "Janzelj, Tim"]
[Result "1/2-1/2"]
[WhiteElo "2247"]
[BlackElo "2474"]
[PlyCount "65"]
[EventDate "2021.11.04"]
[EventType "team-tourn"]
[EventRounds "11"]
[EventCountry "AUT"]
[SourceTitle "CBM 205 Extra"]
[Source "ChessBase"]
[SourceDate "2022.01.31"]
[SourceVersion "1"]
[SourceVersionDate "2022.01.31"]
[SourceQuality "1"]
[WhiteTeam "Grieskirchen/Schallerbach"]
[BlackTeam "Raika Feffernitz"]
[WhiteTeamCountry "AUT"]
[BlackTeamCountry "AUT"]

1. d4 d5 2. Nf3 Nf6 3. c4 e6 4. Qc2 Be7 5. Nbd2 b6 6. cxd5 exd5 7. g3 0-0 8. Bg2 Re8 9. 0-0 Bd6 10. Re1 Bb7 11. Nf1 Ne4 12. Bf4 Nd7 13. Bxd6 cxd6 14. Rac1 Rc8 15. Qb3 Ndf6 16. Bh3 Rc7 17. Ne3 g6 18. Rc2 Rce7 19. Nf1 h5 20. Rec1 Ng4 21. Bxg4 hxg4 22. Nh4 Re6 23. Qd3 Qf6 24. f4 gxf3 25. exf3 Ba6 26. Qxa6 Qxd4+ 27. Kg2 Nc5 28. Qb5 Nd3 29. Rd2 Re2+ 30. Kh3 Nf2+ 31. Kg2 Nd3+ 32. Kh3 Nf2+ 33. Kg2 1/2-1/2

[Event "GER-ch Blitz"]
[Site "Magdeburg"]
[Date "2021.08.01"]
[Round "12"]
[White "Carlstedt, Jonathan"]
[Black "Lentrodt, Thomas"]
[Result "1-0"]
[WhiteElo "2442"]
[BlackElo "2243"]
[PlyCount "107"]
[EventDate "2021.08.01"]
[EventType "tourn (blitz)"]
[EventRounds "29"]
[EventCountry "GER"]
[EventCategory "5"]
[SourceTitle "CBM 203 Extra"]
[Source "ChessBase"]
[SourceDate "2021.09.30"]
[SourceVersion "1"]
[SourceVersionDate "2021.09.30"]
[SourceQuality "1"]

1. d4 d5 2. Nf3 Nf6 3. e3 Bf5 4. Bd3 Bxd3 5. cxd3 e6 6. Nc3 c5 7. dxc5 Bxc5 8. 0-0 0-0 9. a3 Nc6 10. b4 Be7 11. Bb2 Rc8 12. e4 dxe4 13. dxe4 Qxd1 14. Rfxd1 Rfd8 15. h3 Rxd1+ 16. Rxd1 Rd8 17. Rxd8+ Bxd8 18. Kf1 Bb6 19. Nd2 Bd4 20. f3 Nh5 21. Nb3 Be5 22. Kf2 Nf4 23. Nc1 Bd4+ 24. Kf1 Ne5 25. Nb3 Bxc3 26. Bxc3 Nc4 27. g3 Ng6 28. a4 e5 29. Ke2 f6 30. Kd3 Nd6 31. b5 Kf7 32. Bb4 Nc8 33. Na5 b6 34. Nc6 Ke6 35. Kc4 h5 36. h4 Nh8 37. Bf8 Kf7 38. Bb4 Ke6 39. Kd3 Nf7 40. Bf8 g6 41. g4 f5 42. exf5+ gxf5 43. gxh5 Kf6 44. h6 Kg6 45. h5+ Kh7 46. Kc4 Nxh6 47. Bxh6 Kxh6 48. Nxe5 Kxh5 49. Kd5 Kg5 50. Ke6 Kf4 51. Ng6+ Kxf3 52. Kd7 Ke4 53. Kxc8 f4 54. Nxf4 1-0

[Event "GER-ch Blitz"]
[Site "Magdeburg"]
[Date "2021.08.01"]
[Round "21"]
[White "Lentrodt, Thomas"]
[Black "Baskin, Robert"]
[Result "0-1"]
[WhiteElo "2243"]
[BlackElo "2390"]
[PlyCount "52"]
[EventDate "2021.08.01"]
[EventType "tourn (blitz)"]
[EventRounds "29"]
[EventCountry "GER"]
[EventCategory "5"]
[SourceTitle "CBM 203 Extra"]
[Source "ChessBase"]
[SourceDate "2021.09.30"]
[SourceVersion "1"]
[SourceVersionDate "2021.09.30"]
[SourceQuality "1"]

1. d4 Nf6 2. Nf3 e6 3. c4 d5 4. Nc3 c6 5. e3 Nbd7 6. Qc2 Bd6 7. Bd3 dxc4 8. Bxc4 b5 9. Bd3 0-0 10. Ne4 Nxe4 11. Bxe4 Nf6 12. Bxc6 Rb8 13. 0-0 Qc7 14. e4 Bb7 15. e5 Qxc6 16. Qxc6 Bxc6 17. exd6 Bxf3 18. gxf3 Nd5 19. Bd2 Rfd8 20. Rac1 Rxd6 21. Rc5 h6 22. Rfc1 g5 23. Kg2 Kg7 24. Kg3 Kg6 25. h4 Ne7 26. hxg5 Nf5+ 0-1

[Event "GER-ch Blitz"]
[Site "Magdeburg"]
[Date "2021.08.01"]
[Round "11"]
[White "Lentrodt, Thomas"]
[Black "Koelle, Tobias"]
[Result "1/2-1/2"]
[WhiteElo "2243"]
[BlackElo "2312"]
[PlyCount "133"]
[EventDate "2021.08.01"]
[EventType "tourn (blitz)"]
[EventRounds "29"]
[EventCountry "GER"]
[EventCategory "5"]
[SourceTitle "CBM 203 Extra"]
[Source "ChessBase"]
[SourceDate "2021.09.30"]
[SourceVersion "1"]
[SourceVersionDate "2021.09.30"]
[SourceQuality "1"]

1. d4 Nf6 2. Nf3 e6 3. c4 Bb4+ 4. Bd2 Qe7 5. g3 b6 6. Bg2 Bb7 7. 0-0 Bxd2 8. Nbxd2 d6 9. Qc2 0-0 10. e4 Nc6 11. Rfe1 Nb4 12. Qc3 c5 13. a3 Nc6 14. d5 Nb8 15. e5 dxe5 16. Nxe5 Qc7 17. dxe6 fxe6 18. Bxb7 Qxb7 19. Ndf3 Nc6 20. Nxc6 Qxc6 21. Ng5 Rae8 22. f3 e5 23. Re3 e4 24. Rae1 exf3 25. Nxf3 Rxe3 26. Rxe3 Ng4 27. Rd3 Qe4 28. h3 Nh6 29. Re3 Qb1+ 30. Kg2 Qg6 31. Nh4 Qc6+ 32. Kg1 Qd6 33. Qe5 Qd1+ 34. Re1 Qd2 35. Re2 Qd3 36. Qe6+ Kh8 37. Qe3 Qxc4 38. Kh2 Qf7 39. Ng2 Nf5 40. Qf4 Kg8 41. g4 Nd4 42. Qxf7+ Kxf7 43. Rf2+ Ke7 44. Rxf8 Kxf8 45. Kg3 Ke7 46. Kf4 Kd6 47. Ke4 Ne6 48. h4 Nf8 49. Nf4 Nd7 50. g5 c4 51. Kd4 b5 52. Nh5 g6 53. Ng3 Ne5 54. Ne4+ Ke6 55. Nf6 Nf3+ 56. Kc5 a6 57. Nxh7 Nxh4 58. Kb6 Kd5 59. Kxa6 Kc5 60. Kb7 Nf3 61. Kc7 Ne5 62. Nf8 b4 63. axb4+ Kxb4 64. Kd6 Nf7+ 65. Kd5 Nxg5 66. Nxg6 Kb3 67. Ne5 1/2-1/2

[Event "GER-ch Blitz"]
[Site "Magdeburg"]
[Date "2021.08.01"]
[Round "3"]
[White "Lentrodt, Thomas"]
[Black "Vuckovic, Aleksandar"]
[Result "1-0"]
[WhiteElo "2243"]
[BlackElo "2311"]
[PlyCount "130"]
[EventDate "2021.08.01"]
[EventType "tourn (blitz)"]
[EventRounds "29"]
[EventCountry "GER"]
[EventCategory "5"]
[SourceTitle "CBM 203 Extra"]
[Source "ChessBase"]
[SourceDate "2021.09.30"]
[SourceVersion "1"]
[SourceVersionDate "2021.09.30"]
[SourceQuality "1"]

1. d4 Nf6 2. Nf3 e6 3. c4 b6 4. g3 Ba6 5. Qa4 c6 6. Bg2 Qc8 7. 0-0 b5 8. cxb5 Bxb5 9. Qc2 c5 10. Nc3 Ba6 11. Bg5 Be7 12. Bxf6 Bxf6 13. Ne4 Be7 14. Nxc5 Bb5 15. Rac1 Nc6 16. Rfd1 a5 17. a3 d6 18. Ne4 d5 19. Nc3 Bc4 20. b3 Ba6 21. Nxd5 exd5 22. Qxc6+ Qxc6 23. Rxc6 f6 24. a4 Kd7 25. Rc2 Rab8 26. Rb1 Bd6 27. Ne1 Ke6 28. e3 Rhc8 29. Rxc8 Rxc8 30. Bf1 Bb7 31. Bd3 Rc3 32. Kf1 f5 33. Ke2 g5 34. Nf3 h6 35. Nd2 Bb4 36. Rb2 Bc6 37. Rc2 Kf6 38. Rxc3 Bxc3 39. Nf3 Be8 40. Ne5 Bh5+ 41. f3 Be8 42. Bb5 Bh5 43. Kd3 Bb4 44. Ke2 Bc3 45. g4 fxg4 46. fxg4 Bg6 47. Bd3 Be8 48. Kd1 Bb4 49. Kc2 Bd6 50. Nf3 Bd7 51. h3 Bc6 52. Nd2 Bd7 53. e4 Ke7 54. exd5 h5 55. Bf5 hxg4 56. hxg4 Be8 57. Ne4 Bf4 58. Kd3 Bf7 59. Kc4 Kd8 60. Kc5 Be8 61. Nc3 Be3 62. Kc4 Bf4 63. Ne4 Bf7 64. Kc5 Be3 65. Kc6 Be8+ 1-0

[Event "GER-ch Blitz"]
[Site "Magdeburg"]
[Date "2021.08.01"]
[Round "26"]
[White "Lentrodt, Thomas"]
[Black "Zelbel, Patrick"]
[Result "0-1"]
[WhiteElo "2243"]
[BlackElo "2448"]
[PlyCount "69"]
[EventDate "2021.08.01"]
[EventType "tourn (blitz)"]
[EventRounds "29"]
[EventCountry "GER"]
[EventCategory "5"]
[SourceTitle "CBM 203 Extra"]
[Source "ChessBase"]
[SourceDate "2021.09.30"]
[SourceVersion "1"]
[SourceVersionDate "2021.09.30"]
[SourceQuality "1"]

1. d4 Nf6 2. Nf3 e6 3. c4 c5 4. d5 exd5 5. cxd5 d6 6. Nc3 g6 7. e4 Bg7 8. Bb5+ Bd7 9. a4 0-0 10. 0-0 Re8 11. Re1 a6 12. Bxd7 Nbxd7 13. h3 c4 14. Bg5 Qc7 15. Bf4 Nh5 16. Bh2 Nc5 17. g4 Nf6 18. e5 dxe5 19. Bxe5 Qb6 20. Qd4 Ncd7 21. Qxb6 Nxb6 22. Bd4 Nfxd5 23. Bxg7 Kxg7 24. Ne4 Rad8 25. Nc5 Rxe1+ 26. Rxe1 Nf4 27. Nxb7 Rd3 28. Re3 Rd1+ 29. Kh2 Nxa4 30. b3 c3 31. Ne1 Nb2 32. Nc2 Nbd3 33. Kg3 Rg1+ 34. Kf3 Rc1 35. Nd4 0-1

[Event "GER-ch Blitz"]
[Site "Magdeburg"]
[Date "2021.08.01"]
[Round "2"]
[White "Pajeken, Jakob Leon"]
[Black "Lentrodt, Thomas"]
[Result "1/2-1/2"]
[WhiteElo "2357"]
[BlackElo "2243"]
[PlyCount "117"]
[EventDate "2021.08.01"]
[EventType "tourn (blitz)"]
[EventRounds "29"]
[EventCountry "GER"]
[EventCategory "5"]
[SourceTitle "CBM 203 Extra"]
[Source "ChessBase"]
[SourceDate "2021.09.30"]
[SourceVersion "1"]
[SourceVersionDate "2021.09.30"]
[SourceQuality "1"]

1. d4 d5 2. Nf3 Nf6 3. Bf4 e6 4. e3 Bd6 5. Bxd6 Qxd6 6. Nbd2 c5 7. c3 Nc6 8. Bd3 0-0 9. 0-0 e5 10. dxe5 Nxe5 11. Nxe5 Qxe5 12. Nf3 Qc7 13. Be2 Bf5 14. Qa4 a6 15. Rfd1 Rad8 16. Qh4 h6 17. Qg3 Qb6 18. Qf4 Be4 19. b3 Rfe8 20. c4 g5 21. Qg3 Bc2 22. Rdc1 Ne4 23. Qh3 d4 24. Rxc2 d3 25. Bxd3 Rxd3 26. Qf5 Qe6 27. Qxe6 Rxe6 28. Kf1 Red6 29. Ke1 f6 30. Rac1 Kf7 31. Ke2 Ke6 32. Nd4+ cxd4 33. Kxd3 Nc5+ 34. Kd2 Ne4+ 35. Ke1 d3 36. Rd2 Nxd2 37. Kxd2 b5 38. Rc3 bxc4 39. bxc4 Rb6 40. Kxd3 Rb2 41. Rc2 Rb1 42. h3 Kd6 43. Ke4 Ke6 44. c5 f5+ 45. Kd4 Rd1+ 46. Kc4 Kd7 47. Kc3 Kc6 48. Kb2 Rd3 49. g3 f4 50. exf4 gxf4 51. gxf4 Rxh3 52. Re2 Rf3 53. Re6+ Kxc5 54. Rxh6 Rxf2+ 55. Kb3 Rxf4 56. Rxa6 Kb5 57. Rh6 Rf3+ 58. Kb2 Rf2+ 59. Kb1 1/2-1/2

[Event "GER-ch Net blitz qual4"]
[Site "Playchess.com INT"]
[Date "2020.03.23"]
[Round "4"]
[White "Legde, Georg"]
[Black "Lentrodt, Thomas"]
[Result "1/2-1/2"]
[WhiteElo "2333"]
[BlackElo "2243"]
[PlyCount "113"]
[EventDate "2020.03.23"]
[EventType "swiss (blitz)"]
[EventRounds "9"]
[EventCountry "GER"]
[SourceTitle "CBM 195 Extra"]
[Source "ChessBase"]
[SourceDate "2020.05.31"]
[SourceVersion "1"]
[SourceVersionDate "2020.05.31"]
[SourceQuality "1"]

1. d4 Nf6 2. c4 e6 3. g3 Bb4+ 4. Bd2 Bxd2+ 5. Qxd2 d5 6. Nf3 0-0 7. Bg2 b6 8. 0-0 Bb7 9. Ne5 Nbd7 10. Nc3 c6 11. cxd5 cxd5 12. f4 Rc8 13. Rac1 Ba6 14. Rfe1 Qe7 15. a3 Rc7 16. Qc2 Rfc8 17. Qa4 Nb8 18. e3 Qe8 19. Qd1 g6 20. Qd2 Kg7 21. h3 Bb7 22. g4 Ne4 23. Nxe4 dxe4 24. g5 Nd7 25. Ng4 f5 26. gxf6+ Nxf6 27. Rxc7+ Rxc7 28. Rc1 Qc8 29. Rxc7+ Qxc7 30. Ne5 Bd5 31. Kf2 Ne8 32. Qc3 Qxc3 33. bxc3 Nd6 34. Bf1 b5 35. Nd7 Kf7 36. Ne5+ Ke7 37. Ke1 Kd8 38. Kd2 Kc7 39. c4 bxc4 40. Kc3 Kb6 41. Bxc4 Ka5 42. Bxd5 exd5 43. Nc6+ Ka4 44. Nxa7 Kxa3 45. Nc6 Nb5+ 46. Kd2 Kb3 47. Ne7 Nc7 48. h4 Kc4 49. Ng8 Ne8 50. Ne7 Nf6 51. Ke2 Kc3 52. f5 gxf5 53. Nxf5 Kc2 54. Ne7 Kc3 55. Nf5 Kc4 56. Nh6 Kc3 57. Nf5 1/2-1/2

[Event "GER-ch Net blitz qual3"]
[Site "Playchess.com INT"]
[Date "2020.03.21"]
[Round "7"]
[White "Lentrodt, Thomas"]
[Black "Boerger, Andreas"]
[Result "1-0"]
[WhiteElo "2243"]
[BlackElo "1613"]
[PlyCount "67"]
[EventDate "2020.03.21"]
[EventType "swiss (blitz)"]
[EventRounds "9"]
[EventCountry "GER"]
[SourceTitle "CBM 195 Extra"]
[Source "ChessBase"]
[SourceDate "2020.05.31"]
[SourceVersion "1"]
[SourceVersionDate "2020.05.31"]
[SourceQuality "1"]

1. d4 d5 2. Nf3 Nf6 3. c4 e6 4. Nc3 Be7 5. Bg5 0-0 6. e3 Nbd7 7. cxd5 Nxd5 8. Bxe7 Nxe7 9. Bd3 b6 10. 0-0 Bb7 11. Rc1 c5 12. Bb1 cxd4 13. Nxd4 Nf6 14. f3 Rc8 15. e4 Ba6 16. Re1 Nc6 17. Nxc6 Qxd1 18. Rexd1 Rxc6 19. Bd3 Bxd3 20. Rxd3 Rfc8 21. Rcd1 a6 22. e5 Nh5 23. g3 g6 24. f4 Ng7 25. Rd8+ Ne8 26. Ne4 Kg7 27. R1d7 Rxd8 28. Rxd8 Rc1+ 29. Kg2 Rc2+ 30. Kf3 Nc7 31. Nf6 Rxb2 32. Rg8+ Kh6 33. g4 Rxh2 34. g5# 1-0

[Event "GER-ch Net blitz qual3"]
[Site "Playchess.com INT"]
[Date "2020.03.21"]
[Round "4"]
[White "Lentrodt, Thomas"]
[Black "Colpe, Malte"]
[Result "0-1"]
[WhiteElo "2243"]
[BlackElo "2362"]
[PlyCount "98"]
[EventDate "2020.03.21"]
[EventType "swiss (blitz)"]
[EventRounds "9"]
[EventCountry "GER"]
[SourceTitle "CBM 195 Extra"]
[Source "ChessBase"]
[SourceDate "2020.05.31"]
[SourceVersion "1"]
[SourceVersionDate "2020.05.31"]
[SourceQuality "1"]

1. d4 Nf6 2. c4 e6 3. Nf3 d5 4. Nc3 Bb4 5. Qb3 c5 6. dxc5 Nc6 7. a3 Bxc5 8. cxd5 exd5 9. Bg5 Be6 10. Qxb7 Rc8 11. e3 0-0 12. Be2 Bb6 13. 0-0 Nb8 14. Bf4 d4 15. Nxd4 Bxd4 16. Rfd1 Qb6 17. Qxb6 Bxb6 18. Bf3 Nbd7 19. Bd6 Rfe8 20. Bb7 Rcd8 21. Na4 Bb3 22. Nxb6 Bxd1 23. Nc4 Be2 24. Na5 Nb6 25. Bc5 Ne4 26. Bd4 Nd6 27. Bc6 Re7 28. b4 Rc8 29. a4 Ndc4 30. Nxc4 Bxc4 31. b5 Bd5 32. f3 Bxc6 33. bxc6 Rxc6 34. a5 Nd5 35. Rb1 f6 36. e4 Nf4 37. Be3 Ne6 38. Kf2 a6 39. Kg3 Kf7 40. f4 g6 41. Rb8 Nc5 42. e5 fxe5 43. fxe5 Rxe5 44. Bd4 Rd5 45. Be3 Rd3 46. Kf4 Rf6+ 47. Ke5 Rxe3+ 48. Kd4 Nd7 49. Rb7 Re7 0-1